Top 15 Lifetime Shows (IMDB) - Statistics

General Stats
  • This quiz has been taken 2 times
  • The average score is 4 of 15
Answer Stats
Show Year(s) IMDB % Correct
Army Wives 2007-2013 7.5
100%
UnREAL 2015-2018 7.7
100%
Devious Maids 2013-2016 7.8
50%
Drop Dead Diva 2009-2014 7.5
50%
You 2018 7.6
50%
Against the Wall 2011 7.1
0%
America's Most Wanted 2011-2012 7.2
0%
Any Day Now 1998-2002 8.4
0%
Blood Ties 2007 7.2
0%
Intimate Portrait 1994-2005 7.5
0%
Side Order of Life 2007 7.6
0%
Supermarket Sweep 1990-1995 7.5
0%
Surviving R. Kelly 2019-2023 7.4
0%
The Days and Nights of Molly Dodd 1989-1991 8.2
0%
Witches of East End 2013-2014 7.5
0%
No matching quizzes found
Score Distribution
Percent of People with Each Score
Percentile by Number Answered
Your Score History
You have not taken this quiz